00434nam a2200169Ia 45000030006000000050017000060080041000230400009000640410012000730820018000851000016001032450031001192600020001503000008001705050021001786500065001990Nust20170105110300.0161124s9999 xx 000 0 und d cIGIS aEnglish a628.1 22bSHA aU.M .Shamsi aWhat S New in Arc VieW GIS aphot copyc2005 a343 aGIS Applications aGIS Applications for Water Wastewater and Stormwater Systems